Workers without frontiers : THe impact of globalization on international migration (Record no. 41982)

MARC details
000 -LEADER
fixed length control field 00368nam a2200121Ia 4500
020 ## - INTERNATIONAL STANDARD BOOK NUMBER
ISBN 9221108546
082 ## - DEWEY DECIMAL CLASSIFICATION NUMBER
Classification number 331.556.4
Item number STA
100 ## - MAIN ENTRY--AUTHOR NAME
Personal name Stalker, Peter
245 #0 - TITLE STATEMENT
Title Workers without frontiers : THe impact of globalization on international migration
260 ## - PUBLICATION, DISTRIBUTION, ETC. (IMPRINT)
Place of publication USA
Name of publisher Lynne Rienner Publisherrs
Year of publication 2000
942 ## - ADDED ENTRY ELEMENTS (KOHA)
Koha item type Books
Holdings
Withdrawn status Lost status Damaged status Not for loan Home library Current library Date acquired Cost, normal purchase price Full call number Accession Number Koha item type
        RRII Library RRII Library 16/12/2021 17.95 331.556.4 STA 22262 Books